Modèle standard des particules physiques - Statistiques

Statistiques générales
  • Ce quiz a été pris 62 fois
    7 depuis la dernière actualisation
  • Le résultat moyen est 13 sur 18
Statistiques - réponses
Réponse % Correct
électron
100%
photon
100%
boson de Higgs
80%
bottom
80%
charm
80%
down
80%
gluon
80%
graviton
80%
muon
80%
strange
80%
tau
80%
top
80%
up
80%
neutrino électronique
60%
neutrino muonique
60%
neutrino tauique
60%
boson W
40%
boson Z
40%
Aucun quiz correspondant
Distribution des résultats
% des personnes avec chaque résultat
Percentile par nombre de réponses
Votre historique - résultats
Vous n’avez pas pris ce quiz depuis la dernière actualisation